Регионална библиотека "Любен Каравелов" - Русе

Българска народна митология (Запис номер 162783)

MARC детайли
000 -Лидер
Контролно поле с фиксирана дължина 01897nam a2200433 c 4500
003 - Код на организацията, давaща контролен номер
Контролно поле BLK
005 - Дата и час на последна редакция
Контролно поле 20230211170202.0
008 - Елементи от данни с фиксирана дължина
fixed length control field 180410b bul|||||r ||||||| ||bul||
010 ## - Наследен системен номер
LC control number KNG00170164000
020 ## - Международен стандартен номер на книга ISBN
Международен стандартен номер на книга ISBN 978-954-322-568-2
-- издат.: Акад. изд. Проф. Марин Дринов
040 ## - Източник на каталожния запис
Идентификатор на билиотеката - собственик на записа BLK
041 ## - Код за език
Код за езика на текст/звукозапис или на отделно заглавие Български
Код за езика КДБФ Български
072 #7 - Код за тематичната категория
Код организация bullib
Код за тематична категория Н39
Текст Етнология. Фолклористика Н
080 ## - УДК
Текстов определител УДК
УДК код - определител по УДК 398.1/.4
УДК определител (497.2)
УДК - код + определител 398.1/.4(497.2)
080 ## - УДК
Текстов определител УДК
УДК код - определител по УДК 291.2/.3
УДК определител (=867)
УДК - код + определител 291.2/.3(=867)
100 1# - Редна дума - Автор
Автор Георгиева, Иваничка Петрова
Авторска отговорност първи автор
R(LIN) 366220
139 ## - Редно поле
Редна дума Георгиева, Иваничка Петрова
Авторски знак Георгиев - Г 37
245 10 - Сведения за заглавието
Заглавие Българска народна митология
Редно поле (дума) Иваничка Петрова Георгиева; фотогр. Христо Иванов Юскеселиев.
250 ## - Област на изданието
Сведения за изданието 3. прераб. и доп. изд.
257 ## - Страна на издаване
Страна на създаване/издаване България
260 ## - Област на издателските данни
-- София
Име на издателя, разпространителя и проч. Акад. изд. Проф. Марин Дринов
Година на издаване 2013
300 ## - Физическа характеристика
Страници 404 с., 55 л. цв. ил.
Размери/Мащаб 25 см
380 ## - Жанр
Жанр Обществени науки
490 1# - СЕРИИ (Колекции)
Име на серия Ние, българите : народ, общество, култура
500 ## - Общи забележки
Забележка 1. изд. 1983 дис. като кн. - Съдържа и за авт. - Библиогр. след отд. гл.
650 #4 - Допълнително описание по предмет – тема
Основно описание – тема или топоним Митология - България
9 (RLIN) 284861
650 #4 - Допълнително описание по предмет – тема
Основно описание – тема или топоним Митология, българска
9 (RLIN) 335759
651 #4 - Допълнително описание по предмет - топоним
Географско понятие България
9 (RLIN) 241624
653 ## - Ключова дума – ненормативна
Ключова дума митология
653 ## - Ключова дума – ненормативна
Ключова дума народни вярвания
653 ## - Ключова дума – ненормативна
Ключова дума народни обичаи
659 ## - Тематичен бюлетин
Тематичен бюлетин Н
700 1# - Други автори (авторска отговорност)
Лично име Юскеселиев, Христо Иванов
Автороска отговорност (Описва отношението между автора и произведението) фотогр.
9 (RLIN) 378396
852 ## - Местоположение
Форматна сигнатура Цб 272410
856 4# - Електронен адрес и достъп
Електронен формат pdf - файл
Път до файла /url/
856 4# - Електронен адрес и достъп
Електронен формат pdf - файл
Път до файла /url/
942 ## - АРТИКУЛИ
Вид на библиотечния материал Книги
Скрит в OPAC Не
Koha issues (borrowed), all copies 12
944 ## - СЪЗДАВАНЕ И РЕДАКЦИЯ на ЗАПИСА
Създаване/Редакция Създаване
Дата на регистрацията/редакция 26.01.2015
Статус, дата на статуса ф /
Служител, извършил регистрацията/редакцията Виолета_Тройчева
944 ## - СЪЗДАВАНЕ И РЕДАКЦИЯ на ЗАПИСА
Създаване/Редакция Редакция
Дата на регистрацията/редакция 12.01.2016
Статус, дата на статуса ф /
Служител, извършил регистрацията/редакцията Людмила_Стоянова
999 ## - СИСТЕМНИ КОНТРОЛНИ НОМЕРА
Koha biblionumber 162783
Koha biblioitemnumber 162783
Наличности
Код за отписване Код за изгубен артикул Код за повреда Коз за рестрикции Код за отдаване Артикулен № Име на библиотеката - собственик Име на библиотеката, в която се намира в момента Статус (Текущо местоположение) Дата на вписване в системата Местоположение - отдел Цена в лева Инвентарен номер Систематично азбучна сигнатура Баркод Номер на екземпляра Цена в евро Служебна бележка Служебен тип на артикула Източник на класификационната схема
  Не е изгубен Не е повреден без рестрикции ползва се в читалня 272139 Регионална библиотека "Любен Каравелов" Русе Регионална библиотека "Любен Каравелов" Русе Хранилище 2015-01-28 Хранилище 24.00 120000784811 Цб 272410 120000784811 1 12.27 Дост: Dp Вид: Д N: 21 Дата: 28.04.2014 Книги  
  Не е изгубен Не е повреден без рестрикции заемане за дома 272140 Регионална библиотека "Любен Каравелов" Русе Регионална библиотека "Любен Каравелов" Русе Заемна - подръчен фонд 2015-05-28 Заемна - подръчен фонд 24.00 120000788479 П 398/Г 37 120000788479 2 12.27 Дост: Pk Вид: Ф N: 432 Дата: 22.05.2015 Дата инв: 08.02.2018 Бележки инв: П2018 Книги  
  Не е изгубен Не е повреден без рестрикции ползва се в читалня 272141 Регионална библиотека "Любен Каравелов" Русе Регионална библиотека "Любен Каравелов" Русе Читалня 2015-12-15 Читалня 25.00 120000795701 Ч 398/Г 37 120000795701 3 12.78 Дост: Pk Вид: Ф N: 446 Дата: 14.12.2015 Дата инв: 15.03.2017 Бележки инв: Ч2017 Книги  
  Не е изгубен Не е повреден   заемане за дома 687828 Регионална библиотека "Любен Каравелов" Русе Регионална библиотека "Любен Каравелов" Русе Заемна - подръчен фонд 2019-01-02 Заемна - подръчен фонд 20.00   П 398/Г 37 120000828574   10.23   Книги Universal Decimal Classification
Vip Innovations Ltd, Rousse, Bulgaria 2025